| 000 | 00468nam a2200145 a 4500 | ||
|---|---|---|---|
| 008 | 120416s0000 ||||||||||||||||| || u | ||
| 020 | _a0854562966 | ||
| 050 | _aPR 6071.P3B3 | ||
| 100 | _aUpfield, Arthur | ||
| 245 | 1 | 4 | _aThe Bachelors of Broken Hill |
| 260 |
_aLondon _bHeinemann _c1974 |
||
| 300 | _aiv, 364p. | ||
| 350 | _a0.00 | ||
| 995 |
_D0.00 _FCBU-MAIN LIBRARY (Kitwe) _H1 _I4.00 _M1 _UAVAILABLE _ZFiction Collection |
||
| 999 |
_c35376 _d35376 |
||